Responsables y responsabilidad tributaria (Record no. 151010)

000 -CABECERA
Campo de control de longitud fija 00787nam#a2200265#c#4500
003 - IDENTIFICADOR DE NÚMERO DE CONTROL
Campo de control IEF
005 - FECHA Y HORA DE LA ÚLTIMA TRANSACCIÓN
Campo de control 20250724090008.0
007 - CAMPO FIJO DE DESCRIPCIÓN FÍSICA - INFORMACIÓN GENERAL
campo de control de longitud fija ta
008 - CAMPO FIJO DE DESCRIPCIÓN FIJA - INFORMACIÓN GENERAL
Campo de control de longitud fija 161201t2024 sp fr | 0||u|spa|u
017 ## - DEPÓSITO LEGAL
DEPÓSITO LEGAL M 30777-2023
020 ## - INTERNATIONAL STANDARD BOOK NUMBER
ISBN 978-84-9954-831-9
040 ## - FUENTE DE LA CATALOGACIÓN
Centro catalogador de origen ES-MaIEF
Lengua de catalogación spa
Centro transcriptor ES-MaIEF
100 1# - ENCABEZAMIENTO PRINCIPAL - NOMBRE PERSONAL
Nombre de persona Romero Plaza, Carlos
9 (RLIN) 56540
245 ## - MENCIÓN DE TÍTULO
Título Responsables y responsabilidad tributaria
Mención de responsabilidad, etc. Carlos Romero Plaza, Francisco Serantes Peña
250 ## - MENCIÓN DE EDICIÓN
Mención de edición 3ª ed., enero 2024
260 ## - PUBLICACIÓN, DISTRIBUCIÓN, ETC (PIE DE IMPRENTA)
Lugar de publicación, distribución, etc. Las Rozas (Madrid)
Nombre del editor, distribuidor, etc. CISS
Fecha de publicación, distribución, etc. 2024
300 ## - DESCRIPCIÓN FÍSICA
Extensión 507 p.
Dimensiones 24 cm
504 ## - NOTA DE BIBLIOGRAFÍA, ETC.
Bibliografía, etc. Bibliografía.
650 #4 - PUNTO DE ACCESO ADICIONAL DE MATERIA - TÉRMINO DE MATERIA
Término de materia o nombre geográfico como elemento inicial RESPONSABILIDAD TRIBUTARIA
9 (RLIN) 48291
650 #4 - PUNTO DE ACCESO ADICIONAL DE MATERIA - TÉRMINO DE MATERIA
Término de materia o nombre geográfico como elemento inicial OBLIGACIONES TRIBUTARIAS
9 (RLIN) 47859
650 #4 - PUNTO DE ACCESO ADICIONAL DE MATERIA - TÉRMINO DE MATERIA
Término de materia o nombre geográfico como elemento inicial ESPAÑA
9 (RLIN) 41092
700 1# - PUNTO DE ACCESO ADICIONAL- NOMBRE DE PERSONA
Nombre de persona Serantes Peña, Francisco
9 (RLIN) 56541
942 ## - ELEMENTOS KOHA
Koha tipo de item Libros
Holdings
Suprimido Perdido Estropeado No se presta Localización (Biblioteca) Sublocalización o Colección (subbiblioteca) Fecha de adquisición Koha signatura completa Designación de pieza (código de barras) Koha Fecha de último uso Precio efectivo desde Koha tipo de item
      Disponible para préstamo IEF IEF 2025-07-24 66265 66265 2025-07-24 2025-07-24 Libros

Powered by Koha